[Event "Ch. de Provence 2007"]
[Site "Meyreuil"]
[Date "2007.04.14"]
[Round "6"]
[White "Jean, Claude"]
[Black "Rosso, Marco"]
[Result "1-0"]
[WhiteElo "2201"]
[BlackElo "2008"]
[PlyCount "91"]
[EventDate "2007.??.??"]

1. e4 Nf6 2. e5 Nd5 3. d4 d6 4. c4 Nb6 5. exd6 cxd6 6. Nc3 g6 7. Nf3 Bg7 8. Be3
Nc6 9. Be2 O-O 10. h3 Nd7 11. Qd2 Nf6 12. d5 Nb4 13. O-O Na6 14. Nd4 Nc5 15. b4
Nce4 16. Nxe4 Nxe4 17. Qd3 Nf6 18. Rab1 Bd7 19. Rfc1 a6 20. Bf3 Ba4 21. Qa3 Be8
22. Qb3 Nd7 23. g3 a5 24. a3 axb4 25. axb4 Ne5 26. Bg2 Ba4 27. Qc3 Rc8 28. c5
h5 29. Qd2 Qe8 30. f4 Nd7 31. c6 bxc6 32. dxc6 Nb6 33. b5 d5 34. Qa5 Nc4 35.
Rxc4 dxc4 36. Qxa4 e5 37. Nc2 exf4 38. gxf4 Qe6 39. b6 Ra8 40. Qb5 Ra3 41. Qd5
Rxe3 42. Qxe6 Rxe6 43. b7 Re2 44. b8=Q Rxc2 45. c7 Bd4+ 46. Kh1 1-0

[Event "Ch. de Provence 2007"]
[Site "Meyreuil"]
[Date "2007.04.14"]
[Round "6"]
[White "Chauvet, Jean-Marc"]
[Black "Dimitrov, Christo"]
[Result "1/2-1/2"]
[WhiteElo "1995"]
[BlackElo "2259"]
[PlyCount "82"]
[EventDate "2007.??.??"]

1. e4 c5 2. Nf3 d6 3. Bb5+ Bd7 4. Bxd7+ Nxd7 5. O-O Ngf6 6. Qe2 e6 7. c4 Be7 8.
Nc3 O-O 9. d3 Ne5 10. Ne1 Nc6 11. Be3 d5 12. exd5 exd5 13. Bf4 Re8 14. Qf3 Nd4
15. Qd1 Bd6 16. Bg5 dxc4 17. Bxf6 Qxf6 18. Ne4 Qh6 19. Nxd6 Qxd6 20. dxc4 Re4
21. Nf3 b6 22. Nxd4 Qxd4 23. Qxd4 Rxd4 24. b3 Rd2 25. Rfe1 Kf8 26. Kf1 Re8 27.
Rxe8+ Kxe8 28. Re1+ Kd7 29. Re2 Rd1+ 30. Re1 Rxe1+ 31. Kxe1 Ke6 32. Ke2 Ke5 33.
Ke3 g5 34. g4 a6 35. a3 h6 36. h3 f6 37. f3 f5 38. Kd3 Kf4 39. Ke2 fxg4 40.
hxg4 Kg3 41. Ke3 Kh4 1/2-1/2

[Event "Ch. de Provence 2007"]
[Site "Meyreuil"]
[Date "2007.04.14"]
[Round "7"]
[White "Jean, Claude"]
[Black "Milesi, Laurent"]
[Result "1-0"]
[WhiteElo "2087"]
[BlackElo "2201"]
[PlyCount "49"]
[EventDate "2007.??.??"]

1. d4 b6 2. c4 Bb7 3. Nc3 e6 4. a3 f5 5. Nf3 Nf6 6. Bg5 Be7 7. e3 O-O 8. Qc2
Qe8 9. O-O-O d6 10. d5 Qg6 11. h4 h6 12. h5 Qf7 13. dxe6 Qxe6 14. Nd4 Qd7 15.
Bh4 Ne4 16. Bxe7 Qxe7 17. Nd5 Qf7 18. Bd3 Nd7 19. f3 Ng3 20. Rh3 Bxd5 21. cxd5
f4 22. Ne6 Ne5 23. Bh7+ Kh8 24. exf4 Ne2+ 25. Qxe2 1-0

[Event "Ch. de Provence 2007"]
[Site "Meyreuil"]
[Date "2007.04.14"]
[Round "7"]
[White "Chauvet, Jean-Marc"]
[Black "Fevat, Tristan"]
[Result "1/2-1/2"]
[WhiteElo "1995"]
[BlackElo "2086"]
[PlyCount "53"]
[EventDate "2007.??.??"]

1. e4 c5 2. Nf3 e6 3. c3 Nf6 4. e5 Nd5 5. d4 cxd4 6. cxd4 d6 7. Bb5+ Bd7 8.
Bxd7+ Qxd7 9. O-O Nc6 10. Nbd2 Be7 11. Ne4 O-O 12. Bg5 Bxg5 13. Nfxg5 dxe5 14.
dxe5 h6 15. Nf3 Qc7 16. Re1 Nxe5 17. Nd4 Ng6 18. Qf3 Qf4 19. Qh5 Nf6 20. Nxf6+
Qxf6 21. Re4 Rfd8 22. Qf3 Qxf3 23. Nxf3 Rac8 24. g3 Rc2 25. Rb4 b6 26. a4 Rd3
27. Ne1 1/2-1/2

[Event "Ch. de Provence 2007"]
[Site "Meyreuil"]
[Date "2007.04.14"]
[Round "7"]
[White "Gravagna, Pierre"]
[Black "Deleau, Denis"]
[Result "0-1"]
[WhiteElo "2054"]
[BlackElo "2109"]
[PlyCount "80"]
[EventDate "2007.??.??"]

1. d4 g6 2. Nf3 Bg7 3. c4 d6 4. Nc3 Nd7 5. Bg5 h6 6. Bh4 c5 7. e3 Ngf6 8. Be2
O-O 9. Qc2 a6 10. O-O b6 11. Rfd1 cxd4 12. exd4 Bb7 13. Rac1 Rc8 14. Qd3 d5 15.
b3 dxc4 16. bxc4 Nh7 17. Bg3 f5 18. Qe3 Kh8 19. Ne5 Qe8 20. h4 Nhf6 21. f4 Ne4
22. Nxe4 Bxe4 23. h5 Nxe5 24. dxe5 Qc6 25. hxg6 Qxg6 26. Rd4 h5 27. Kf2 Bxe5
28. Rxe4 fxe4 29. Rh1 Kg7 30. Rxh5 Bxf4 31. Bxf4 Rxf4+ 32. Kg1 Rcf8 33. Rh3 Qf6
34. Qg3+ Kf7 35. Bh5+ Ke6 36. Bg4+ Kd6 37. Qa3+ Kc7 38. Be2 Qa1+ 39. Kh2 Qe5
40. Qg3 Rg8 0-1

[Event "Ch. de Provence 2007"]
[Site "Meyreuil"]
[Date "2007.04.14"]
[Round "7"]
[White "Hulin, Jerome"]
[Black "Rosso, Marco"]
[Result "1-0"]
[WhiteElo "2085"]
[BlackElo "2008"]
[PlyCount "71"]
[EventDate "2007.??.??"]

1. d4 d5 2. c4 c6 3. Nc3 Nf6 4. Nf3 Nbd7 5. Bg5 Qa5 6. Nd2 dxc4 7. Bxf6 Nxf6 8.
Nxc4 Qd8 9. e4 g6 10. h4 h5 11. Be2 Bg7 12. Qd3 b5 13. Ne5 Qb6 14. d5 Nxd5 15.
Nxd5 cxd5 16. Qxd5 O-O 17. Nc6 Bb7 18. Nxe7+ Kh8 19. Qxb5 Qxb5 20. Bxb5 Bxb2
21. Rd1 Bc3+ 22. Ke2 Bxe4 23. f3 Bb7 24. Rd7 a6 25. Bd3 Bc8 26. Nxc8 Raxc8 27.
Bxa6 Rc6 28. Bb5 Rc5 29. a4 Bf6 30. g3 Kg7 31. Rhd1 Re8+ 32. Kf2 Rc2+ 33. R1d2
Rxd2+ 34. Rxd2 Re5 35. Bc4 Rc5 36. Ba2  Ba1 37. Ke3
Re5+ 38. Kf2 Rc5 39. Bb3 Rc3 40. Ra2 Rc1 41. a5 Bd4+ 42. Kg2 Rg1+ 43. Kh3 Rh1+
44. Kg2 Rg1+ 45. Kh2 Rb1 46. Ra3 Rb2+ 47. Kh3 Rb1 48. a6 Rh1+ 49. Kg2 Rg1+ 50.
Kh2 Rb1 51. Bc4 Rb4 52. Bd5 Rb2+ 53. Kh3 Bg1 54. g4 hxg4+ 55. fxg4 Ba7 56. Rf3
f5 57. gxf5 gxf5 58. Rxf5 Bb8 59. Rf7+ Kh6 60. a7 Bxa7 61. Rxa7 Rb4 62. Bf3 Rd4
63. Ra6+ Kg7 64. h5 Kh7 65. Rg6 Rb4 66. Bg4 Rb5 67. Kh4 Re5 68. Kg3 Rc5 69. Kf4
Rb5 70. Bf5 Kh8 71. Kg5 Ra5 72. Kf6 Ra6+ 73. Be6 Kh7 74. Kg5 Ra5+ 75. Bf5 Kh8
76. Rb6 Ra8 77. Bg6 Kg7 78. Rb7+ Kh8 79. Kh6 Rf8 80. Rg7 Rd8 81. Rh7+ Kg8 82.
Bf7+ Kf8 83. Rh8+ 1-0

[Event "Ch. de Provence 2007"]
[Site "Meyreuil"]
[Date "2007.04.14"]
[Round "7"]
[White "Tonnaire, Christophe"]
[Black "Dimitrov, Christo"]
[Result "0-1"]
[WhiteElo "2036"]
[BlackElo "2259"]
[PlyCount "78"]
[EventDate "2007.??.??"]

1. e4 g6 2. d4 c6 3. Nc3 d5 4. e5 Bg7 5. f4 h5 6. Bd3 Qb6 7. Nge2 Nh6 8. Na4
Qc7 9. O-O Bf5 10. b3 Qc8 11. Ba3 Bxd3 12. Qxd3 Qf5 13. Qd2 Na6 14. e6 Qxe6 15.
Rae1 Qf6 16. f5 Nxf5 17. c3 e6 18. Bd6 Qd8 19. Ba3 Bf8 20. Bxf8 Kxf8 21. Nf4
Qf6 22. Nd3 Kg7 23. Ne5 Rac8 24. Qf4 b6 25. Nd7 Qd8 26. Qe5+ f6 27. Qxe6 Re8
28. Qxe8 Qxe8 29. Rxe8 Rxe8 30. h3 h4 31. c4 Re7 32. cxd5 Rxd7 33. dxc6 Rc7 34.
d5 Ne3 35. Nc3 Nxf1 36. Nb5 Ne3 37. Nxc7 Nxc7 38. d6 Ned5 39. d7 Ne6 0-1

[Event "Ch. de Provence 2007"]
[Site "Meyreuil"]
[Date "2007.05.05"]
[Round "8"]
[White "Dimitrov, Christo"]
[Black "Hulin, Jerome"]
[Result "1-0"]
[WhiteElo "2259"]
[BlackElo "2085"]
[PlyCount "95"]

1. e4 c5 2. Nc3 Nc6 3. f4 g6 4. Nf3 Bg7 5. Bb5 Nd4 6. Bd3 d6 7. Nxd4 cxd4 8.
Ne2 Nf6 9. O-O O-O 10. c3 dxc3 11. bxc3 b6 12. Bc2 Bb7 13. d3 Qc7 14. Bd2 Rac8
15. Qe1 e6 16. Qg3 Nh5 17. Qh3 e5 18. f5 d5 19. exd5 Bxd5 20. Rf2 b5 21. Qh4
Qc5 22. g4 Nf4 23. Bxf4 exf4 24. f6 Bh8 25. g5 Rfe8 26. d4 Qd6 27. Qxf4 Qxf4
28. Nxf4 Be4 29. Re1 Bxc2 30. Rxe8+ Rxe8 31. Rxc2 h6 32. h4 Re4 33. Rf2 Kf8 34.
Kg2 Re3 35. Rc2 Ke8 36. Kf2 Re4 37. Kf3 Re1 38. Re2+ Rxe2 39. Nxe2 Kd7 40. Ke4
Bxf6 41. gxf6 Ke6 42. d5+ Kxf6 43. Nd4 g5 44. d6 gxh4 45. Kd5 h3 46. d7 Ke7 47.
Kc6 h2 48. Kc7 1-0

[Event "Ch. de Provence 2007"]
[Site "Meyreuil"]
[Date "2007.05.05"]
[Round "8"]
[White "Milesi, Laurent"]
[Black "Tonnaire, Christophe"]
[Result "1-0"]
[WhiteElo "2087"]
[BlackElo "2036"]
[PlyCount "41"]

1. b3 Nf6 2. Bb2 g6 3. e3 Bg7 4. f4 d5 5. Nf3 O-O 6. Be2 c5 7. O-O Nc6 8. Qe1
Bf5 9. Na3 a6 10. Ne5 Qc8 11. Qh4 h5 12. h3 Re8 13. d3 Nd7 14. g4 Bf6 15. Qg3
h4 16. Qh2 Kh8 17. gxf5 gxf5 18. Kh1 Rf8 19. Rg1 Qc7 20. Qf2 d4 21. Qf3 1-0

[Event "Ch. de Provence 2007"]
[Site "Meyreuil"]
[Date "2007.05.05"]
[Round "8"]
[White "Deleau, Denis"]
[Black "Chauvet, Jean-Marc"]
[Result "1-0"]
[WhiteElo "2109"]
[BlackElo "1995"]
[PlyCount "77"]

1. Nf3 b6 2. b3 f5 3. Bb2 Nf6 4. Bxf6 exf6 5. e3 Nc6 6. Nh4 g6 7. Nc3 Bg7 8.
Bc4 Ne7 9. Qf3 c6 10. d4 d5 11. Bd3 Qd6 12. Ne2 Be6 13. g3 Rc8 14. Ng2 c5 15.
Ba6 Rc7 16. Ngf4 Bf7 17. Bb5+ Kf8 18. O-O h5 19. c4 g5 20. Nxd5 Nxd5 21. cxd5
Qxd5 22. Qxd5 Bxd5 23. Rac1 Ke7 24. Rfd1 Bf3 25. dxc5 Bxe2 26. Bxe2 Rxc5 27.
Rxc5 bxc5 28. Rd5 Rc8 29. Rxf5 Kd6 30. Bxh5 a5 31. Bf7 a4 32. Bc4 axb3 33. Rd5+
Kc6 34. axb3 Rc7 35. f4 Rd7 36. Rxd7 Kxd7 37. Kf2 g4 38. e4 Kd6 39. Be2 1-0

[Event "Ch. de Provence 2007"]
[Site "Meyreuil"]
[Date "2007.05.05"]
[Round "8"]
[White "Fevat, Tristan"]
[Black "Jean, Claude"]
[Result "1-0"]
[WhiteElo "2086"]
[BlackElo "2201"]
[PlyCount "71"]

1. b4 d5 2. Bb2 e6 3. Nf3 Nf6 4. a3 Bd6 5. d3 O-O 6. Nbd2 c6 7. e4 Bc7 8. e5
Nfd7 9. d4 b6 10. c4 c5 11. Qc2 cxd4 12. Bd3 h6 13. cxd5 exd5 14. e6 fxe6 15.
Nxd4 Nf6 16. Nb5 Bd6 17. Nxd6 Qxd6 18. Nf3 Nbd7 19. O-O e5 20. Nh4 e4 21. Be2
Bb7 22. Nf5 Qf4 23. Nd4 Rfc8 24. Qb3 Re8 25. Qh3 Nf8 26. Rac1 Bc8 27. Qc3 Qg5
28. Rc2 Ng6 29. Qg3 Qxg3 30. hxg3 Bd7 31. Ba6 Ne5 32. Rc7 Ba4 33. Nf5 Bd7 34.
Nd4 Ba4 35. b5 Nc4 36. Bc1 1-0

[Event "Ch. de Provence 2007"]
[Site "Meyreuil"]
[Date "2007.04.29"]
[Round "9"]
[White "Milesi, Laurent"]
[Black "Dimitrov, Christo"]
[Result "0-1"]
[WhiteElo "2087"]
[BlackElo "2259"]
[PlyCount "62"]

1. e4 c5 2. Nf3 d6 3. d4 cxd4 4. Nxd4 Nf6 5. Nc3 a6 6. Bc4 e6 7. Bb3 Nbd7 8. f4
Nc5 9. Qf3 Be7 10. O-O O-O 11. Be3 Qc7 12. g4 b5 13. g5 Nfxe4 14. Nxe4 Bb7 15.
Nxe6 Nxe6 16. Rad1 Rfe8 17. g6 hxg6 18. Bxe6 fxe6 19. Qg4 Kf7 20. f5 exf5 21.
Rxf5+ gxf5 22. Qxf5+ Kg8 23. Qe6+ Kh8 24. Qh3+ Bh4 25. Qxh4+ Kg8 26. Ng5 Qxc2
27. Rd2 Qb1+ 28. Kf2 Re5 29. Rxd6 Rf8+ 30. Ke2 Qc2+ 31. Rd2 Rxe3+ 0-1

[Event "Ch. de Provence 2007"]
[Site "Meyreuil"]
[Date "2007.05.05"]
[Round "9"]
[White "Jean, Claude"]
[Black "Hulin, Jerome"]
[Result "0-1"]
[WhiteElo "2201"]
[BlackElo "2087"]
[PlyCount "72"]

1. Nf3 Nf6 2. c4 g6 3. d4 Bg7 4. Nc3 d5 5. e3 O-O 6. Be2 c5 7. O-O cxd4 8. exd4
Nc6 9. h3 Bf5 10. Be3 Rc8 11. b3 dxc4 12. bxc4 Ne4 13. Nxe4 Bxe4 14. Nd2 Bf5
15. Nf3 Qa5 16. Qb3 Qa6 17. Rac1 Rfd8 18. Rfd1 e5 19. dxe5 Nxe5 20. Nd4 Bd7 21.
f4 Ba4 22. Qb1 Bxd1 23. Rxd1 Nxc4 24. Bf2 Bxd4 25. Bxd4 b5 26. Qa1 Rc6 27. Rc1
Rcd6 28. Bf2 Rd2 29. Bf3 Qxa2 30. Qxa2 Rxa2 31. Bh4 Rd6 32. Bg4 Rdd2 33. Bf3
Kg7 34. Re1 Rd6 35. Re7 Re6 36. Rd7 Ne3 0-1